Darkhashan Sitara (Record no. 549554)
[ view plain ]
| 000 -LEADER | |
|---|---|
| fixed length control field | 00363nam a22001337a 4500 |
| 082 ## - DEWEY DECIMAL CLASSIFICATION NUMBER | |
| Classification number | 923.5 |
| Author Mark | ABD |
| -- | D |
| 100 ## - MAIN ENTRY--PERSONAL NAME | |
| Personal name | Ibn e Abdul Aziz Butt |
| 9 (RLIN) | 46205 |
| 245 ## - TITLE STATEMENT | |
| Title | Darkhashan Sitara |
| Remainder of title | Darkhashan Sitara Lieutenant Colonel Syed Habib Shah |
| 250 ## - EDITION STATEMENT | |
| Edition statement | 2008 |
| 300 ## - PHYSICAL DESCRIPTION | |
| Extent | 60 P, : |
| 526 ## - STUDY PROGRAM INFORMATION NOTE | |
| Program name | 0 |
| Interest level | 0 |
| Reading level | 0 |
| Title point value | 923_500000000000000_ABD |
| 650 ## - SUBJECT ADDED ENTRY--TOPICAL TERM | |
| Topical term or geographic name entry element | MCE |
| 9 (RLIN) | 379 |
| 942 ## - ADDED ENTRY ELEMENTS (KOHA) | |
| Source of classification or shelving scheme | |
| Koha item type | Book |
| Withdrawn status | Lost status | Source of classification or shelving scheme | Damaged status | Not for loan | Permanent Location | Current Location | Date acquired | Total Checkouts | Full call number | Barcode | Date last seen | Price effective from | Koha item type |
|---|---|---|---|---|---|---|---|---|---|---|---|---|---|
| Military College of Engineering (MCE) | Military College of Engineering (MCE) | 09/30/2014 | 923.5 ABD | MCE-39294 | 09/30/2014 | 09/30/2014 | Book |
